000 00591nam a2200205 i 4500
001 49599
003 ES-MaACL
005 20260324152324.0
007 t|
008 030718s1970 sp f |||| |dspa d
100 1 _aCoste, Jean.
_941138
245 1 0 _aFrancisco de Rioja y la religión del Monte Carmelo /
_cJean Coste.
260 _aMadrid :
_b[s.n.],
_c1970.
300 _a26 p., 2 lám. ;
_c23 cm.
600 1 7 _aRioja, Francisco de,
_d1583-1659
_9151799
610 2 4 _aCarmelitas.
_9170526
852 _aES-MaACL
_j2075-F-17
_cDEPOF
942 _2udc
999 _c49599
_d49599